<?xml version="1.0" encoding="UTF-8"?><?xml-stylesheet type="text/xsl" href="static/style.xsl"?><OAI-PMH xmlns="http://www.openarchives.org/OAI/2.0/" xmlns:xsi="http://www.w3.org/2001/XMLSchema-instance" xsi:schemaLocation="http://www.openarchives.org/OAI/2.0/ http://www.openarchives.org/OAI/2.0/OAI-PMH.xsd"><responseDate>2026-04-13T04:02:17Z</responseDate><request verb="GetRecord" identifier="oai:www.recercat.cat:2445/178500" metadataPrefix="marc">https://recercat.cat/oai/request</request><GetRecord><record><header><identifier>oai:recercat.cat:2445/178500</identifier><datestamp>2025-12-05T05:35:11Z</datestamp><setSpec>com_2072_1057</setSpec><setSpec>col_2072_478857</setSpec><setSpec>col_2072_478901</setSpec><setSpec>col_2072_478917</setSpec></header><metadata><record xmlns="http://www.loc.gov/MARC21/slim" xmlns:dcterms="http://purl.org/dc/terms/" xmlns:xsi="http://www.w3.org/2001/XMLSchema-instance" xmlns:doc="http://www.lyncode.com/xoai" xsi:schemaLocation="http://www.loc.gov/MARC21/slim http://www.loc.gov/standards/marcxml/schema/MARC21slim.xsd">
   <leader>00925njm 22002777a 4500</leader>
   <datafield ind2=" " ind1=" " tag="042">
      <subfield code="a">dc</subfield>
   </datafield>
   <datafield ind2=" " ind1=" " tag="720">
      <subfield code="a">Alvaro Rueda, Karen</subfield>
      <subfield code="e">author</subfield>
   </datafield>
   <datafield ind2=" " ind1=" " tag="720">
      <subfield code="a">Travé Allepuz, Esther</subfield>
      <subfield code="e">author</subfield>
   </datafield>
   <datafield ind2=" " ind1=" " tag="720">
      <subfield code="a">López Pérez, M. Dolors</subfield>
      <subfield code="e">author</subfield>
   </datafield>
   <datafield ind2=" " ind1=" " tag="260">
      <subfield code="c">2021-06-17T12:06:12Z</subfield>
   </datafield>
   <datafield ind2=" " ind1=" " tag="260">
      <subfield code="c">2021-06-17T12:06:12Z</subfield>
   </datafield>
   <datafield ind2=" " ind1=" " tag="260">
      <subfield code="c">2018</subfield>
   </datafield>
   <datafield ind2=" " ind1=" " tag="260">
      <subfield code="c">2021-06-17T12:06:12Z</subfield>
   </datafield>
   <datafield ind2=" " ind1=" " tag="520">
      <subfield code="a">[spa] Las recientes intervenciones en el yacimiento de Revenga (Comunero de Revenga, Burgos) han dado a conocer una secuencia de habitación marcada por la ocupación continuada del espacio y una intensa reutilización de estructuras, a la par que el poblado experimenta distintas transformaciones en su ordenación interna entre los siglos V-IX. La interpretación arqueológica de un hábitat del que quedan en realidad muy pocos restos, dado el carácter perecedero de sus construcciones, es especialmente compleja. En este trabajo se analizan algunos ejemplos de estructuras excavadas en el yacimiento de Revenga que presentan procesos de reconstrucción o reocupación del espacio con el fin de plantear algunas reflexiones acerca de los problemas interpretativos que de ellas se derivan y contribuir al estudio del poblamiento altomedieval mediante la construcción de un registro arqueológico de calidad.</subfield>
   </datafield>
   <datafield ind2=" " ind1=" " tag="520">
      <subfield code="a">[eng] Recent works at the archaeological site of Revenga (Comunero de Revenga, Burgos) revealed a stratigraphic sequence featured by the uninterrupted occupation of space and intense reuse of structures. This correlates with the settlement transformation and the changes occurred within its internal structure between 5 th-9th Centuries. The archaeological interpretation of habitat remains is a complex issue, due to the perishable character of building materials used. Within this piece of research, several structures discovered at Revenga exhibiting rebuilding or reuse processes are analysed in order to discuss some matters related to their interpretative problems. Our contribution aims at offering a better insight of medieval settlements and at building a high quality archaeological register.</subfield>
   </datafield>
   <datafield tag="653" ind2=" " ind1=" ">
      <subfield code="a">Excavacions arqueològiques</subfield>
   </datafield>
   <datafield tag="653" ind2=" " ind1=" ">
      <subfield code="a">Restes arqueològiques</subfield>
   </datafield>
   <datafield tag="653" ind2=" " ind1=" ">
      <subfield code="a">Arqueologia medieval</subfield>
   </datafield>
   <datafield tag="653" ind2=" " ind1=" ">
      <subfield code="a">Burgos (Castella i Lleó : Província)</subfield>
   </datafield>
   <datafield tag="653" ind2=" " ind1=" ">
      <subfield code="a">Archaeological excavations</subfield>
   </datafield>
   <datafield tag="653" ind2=" " ind1=" ">
      <subfield code="a">Antiquities</subfield>
   </datafield>
   <datafield tag="653" ind2=" " ind1=" ">
      <subfield code="a">Medieval archaeology</subfield>
   </datafield>
   <datafield tag="653" ind2=" " ind1=" ">
      <subfield code="a">Burgos (Castilla y León : Province)</subfield>
   </datafield>
   <datafield ind2="0" ind1="0" tag="245">
      <subfield code="a">Construcciones altomedievales en materiales perecederos en el yacimiento de Revenga (Burgos): algunas reflexiones para su interpretación arqueológica</subfield>
   </datafield>
</record></metadata></record></GetRecord></OAI-PMH>